LDR 00896naa#a2200169#i#450# 001 RU\\bibl\123408 005 20260706020309.1 011 ## _a1994-4683 100 ## _a20230731b2023####ek#y0rusy0150####ca 102 ## _aRU 200 1# _aАДАПТАЦИЯ СТУДЕНТОВ-ПЕРВОКУРСНИКОВ В МЕДИЦИНСКОМ КОЛЛЕДЖЕ _eЖурнальная статья 210 1# _aМосква _cНациональный государственный Университет физической культуры, спорта и здоровья им. П.Ф. Лесгафта _d2023 215 ## _a5 с. 608 ## _aЖурнальная статья _2local 675 ## _aУчёба до первых экзаменов. Статус кандидатов учебного заведения. 378.046.2 _z 700 #1 _aПиткин _gВиктор Александрович 856 4# _auchzapiski.lesgaft.spb.ru _u